[Event "High League 2022 women"]
[Site "Obninsk"]
[Date "2022.06.30"]
[Round "5.19"]
[White "Faizutdinova, Diana"]
[Black "Volchkova, Alena"]
[Result "0-1"]
[LiveChessVersion "1.4.7"]
[BlackElo "1823"]
[WhiteElo "2023"]

1. c4 {[%clk 1:30:57]} e5 {[%clk 1:30:54]} 2. Nf3 {[%clk 1:31:14]} e4
{[%clk 1:31:17]} 3. Nd4 {[%clk 1:31:21]} Nc6 {[%clk 1:31:33]} 4. Nc2
{[%clk 1:29:01]} Nf6 {[%clk 1:29:10]} 5. g3 {[%clk 1:28:12]} Bc5 {[%clk 1:22:42]}
6. Bg2 {[%clk 1:27:19]} O-O {[%clk 1:20:34]} 7. O-O {[%clk 1:27:11]} Re8
{[%clk 1:15:30]} 8. Nc3 {[%clk 1:26:12]} a6 {[%clk 1:12:45]} 9. b3
{[%clk 1:25:49]} d6 {[%clk 1:10:10]} 10. Bb2 {[%clk 1:22:16]} Bf5
{[%clk 1:07:32]} 11. Ne3 {[%clk 1:20:44]} Bg6 {[%clk 1:07:12]} 12. Rc1
{[%clk 1:15:42]} Qd7 {[%clk 1:01:34]} 13. Qc2 {[%clk 1:13:32]} Nd4
{[%clk 0:55:12]} 14. Qb1 {[%clk 1:12:38]} Nf5 {[%clk 0:54:04]} 15. Bh3
{[%clk 0:50:52]} c6 {[%clk 0:44:45]} 16. Na4 {[%clk 0:41:51]} Ba7
{[%clk 0:44:24]} 17. Qa1 {[%clk 0:37:19]} Nh5 {[%clk 0:35:18]} 18. Bg4
{[%clk 0:36:34]} b5 {[%clk 0:32:55]} 19. cxb5 {[%clk 0:31:45]} axb5
{[%clk 0:33:12]} 20. Nc3 {[%clk 0:24:09]} Nf6 {[%clk 0:33:15]} 21. Bh3
{[%clk 0:24:24]} Bd4 {[%clk 0:30:48]} 22. Ncd1 {[%clk 0:23:11]} Bxb2
{[%clk 0:29:17]} 23. Qxb2 {[%clk 0:23:34]} Ra6 {[%clk 0:23:40]} 24. Nc3
{[%clk 0:14:03]} Re5 {[%clk 0:21:10]} 25. f4 {[%clk 0:12:22]} Re8
{[%clk 0:21:07]} 26. Rf2 {[%clk 0:10:04]} h6 {[%clk 0:19:40]} 27. a4
{[%clk 0:09:36]} bxa4 {[%clk 0:18:54]} 28. Nxa4 {[%clk 0:09:10]} Rb8
{[%clk 0:18:02]} 29. Qa3 {[%clk 0:06:59]} Ra5 {[%clk 0:15:35]} 30. b4
{[%clk 0:05:17]} Rab5 {[%clk 0:15:29]} 31. Rb1 {[%clk 0:04:20]} Qa7
{[%clk 0:14:36]} 32. Nc4 {[%clk 0:03:47]} Qd4 {[%clk 0:13:20]} 33. Qc3
{[%clk 0:03:42]} Qxc3 {[%clk 0:12:23]} 34. dxc3 {[%clk 0:04:04]} e3
{[%clk 0:09:40]} 35. Rff1 {[%clk 0:04:30]} Ne4 {[%clk 0:09:09]} 36. Rbc1
{[%clk 0:03:51]} Nd2 {[%clk 0:09:07]} 37. Bxf5 {[%clk 0:02:28]} Nxc4
{[%clk 0:05:59]} 38. Bd3 {[%clk 0:01:02]} Bxd3 {[%clk 0:05:28]} 39. exd3
{[%clk 0:01:29]} Nd2 {[%clk 0:05:41]} 40. Rfd1 {[%clk 0:31:45]} Nf3+
{[%clk 0:35:44]} 41. Kf1 {[%clk 0:31:26]} Nxh2+ {[%clk 0:35:26]} 42. Ke2
{[%clk 0:31:24]} Ng4 {[%clk 0:35:09]} 43. Nb2 {[%clk 0:29:56]} c5
{[%clk 0:34:30]} 44. Nc4 {[%clk 0:29:46]} cxb4 {[%clk 0:34:03]} 45. Nxd6
{[%clk 0:29:43]} Rd5 {[%clk 0:31:29]} 46. Ne4 {[%clk 0:23:42]} f5
{[%clk 0:30:54]} 47. c4 {[%clk 0:24:06]} Ra5 {[%clk 0:31:16]} 48. Kf3
{[%clk 0:22:21]} Nh2+ {[%clk 0:29:41]} 49. Kxe3 {[%clk 0:22:24]} fxe4
{[%clk 0:30:06]} 50. dxe4 {[%clk 0:21:28]} b3 {[%clk 0:28:49]} 51. Rb1
{[%clk 0:19:29]} Ng4+ {[%clk 0:27:51]} 52. Kf3 {[%clk 0:17:43]} h5
{[%clk 0:26:13]} 53. Rd5 {[%clk 0:17:35]} Ra3 {[%clk 0:26:05]} 54. Rxh5
{[%clk 0:17:53]} Nf6 {[%clk 0:26:11]} 55. Rb5 {[%clk 0:16:07]} Rxb5
{[%clk 0:26:28]} 56. cxb5 {[%clk 0:16:32]} b2+ {[%clk 0:26:52]} 57. Ke2
{[%clk 0:16:30]} Rb3 {[%clk 0:26:58]} 58. Kd2 {[%clk 0:16:15]} Nxe4+
{[%clk 0:26:58]} 59. Kc2 {[%clk 0:16:43]} Rxb5 {[%clk 0:27:15]} 60. g4
{[%clk 0:17:04]} Nf2 {[%clk 0:26:41]} 61. g5 {[%clk 0:16:52]} Nh3
{[%clk 0:26:53]} 62. f5 {[%clk 0:17:05]} Nxg5 {[%clk 0:26:58]} 0-1

[Event "High League 2022 women"]
[Site "Obninsk"]
[Date "2022.06.30"]
[Round "5.20"]
[White "Dorokhina, Elizaveta"]
[Black "Chervyakova, Tatiana"]
[Result "1-0"]
[LiveChessVersion "1.4.7"]
[BlackElo "1641"]
[WhiteElo "2045"]

1. d4 {[%clk 1:30:57]} Nf6 {[%clk 1:30:48]} 2. c4 {[%clk 1:30:58]} c5
{[%clk 1:30:59]} 3. Nf3 {[%clk 1:26:28]} cxd4 {[%clk 1:28:26]} 4. Nxd4
{[%clk 1:26:41]} d5 {[%clk 1:21:19]} 5. cxd5 {[%clk 1:23:25]} Nxd5
{[%clk 1:14:31]} 6. e4 {[%clk 1:22:09]} Nb6 {[%clk 1:09:04]} 7. Nc3
{[%clk 1:14:58]} e5 {[%clk 1:00:53]} 8. Bb5+ {[%clk 1:11:29]} Bd7
{[%clk 0:59:10]} 9. Ne6 {[%clk 1:03:44]} Qc8 {[%clk 0:45:25]} 10. Nxf8
{[%clk 1:02:50]} Rxf8 {[%clk 0:45:40]} 11. Qd6 {[%clk 1:01:13]} f6
{[%clk 0:43:27]} 12. Be3 {[%clk 1:01:25]} Bxb5 {[%clk 0:35:28]} 13. Nxb5
{[%clk 0:59:31]} Na6 {[%clk 0:33:50]} 14. Nxa7 {[%clk 0:53:50]} Rxa7
{[%clk 0:32:09]} 15. Qxb6 {[%clk 0:54:05]} Ra8 {[%clk 0:29:56]} 16. Rc1
{[%clk 0:54:00]} Qd7 {[%clk 0:27:52]} 17. O-O {[%clk 0:54:06]} Rc8
{[%clk 0:25:26]} 18. Rxc8+ {[%clk 0:51:42]} Qxc8 {[%clk 0:25:39]} 19. Rc1
{[%clk 0:52:05]} Qd7 {[%clk 0:23:06]} 20. b4 {[%clk 0:52:06]} Kf7
{[%clk 0:20:13]} 21. h3 {[%clk 0:47:33]} Rc8 {[%clk 0:18:36]} 22. Rxc8
{[%clk 0:43:51]} Qxc8 {[%clk 0:18:46]} 23. b5 {[%clk 0:44:14]} Nc7
{[%clk 0:13:46]} 24. a4 {[%clk 0:42:31]} Na8 {[%clk 0:11:50]} 25. Qd6
{[%clk 0:41:29]} Nc7 {[%clk 0:07:30]} 26. a5 {[%clk 0:38:11]} Kg6
{[%clk 0:06:14]} 27. Qb6 {[%clk 0:36:51]} h5 {[%clk 0:05:15]} 28. Kh2
{[%clk 0:34:12]} Kh7 {[%clk 0:03:28]} 29. Qc5 {[%clk 0:33:40]} Qd7
{[%clk 0:02:56]} 30. a6 {[%clk 0:33:33]} bxa6 {[%clk 0:02:17]} 31. b6
{[%clk 0:33:20]} Nb5 {[%clk 0:01:19]} 32. Qd5 {[%clk 0:31:43]} Qxd5
{[%clk 0:01:12]} 33. exd5 {[%clk 0:32:08]} Nd6 {[%clk 0:01:20]} 34. Bc5
{[%clk 0:29:54]} Nb7 {[%clk 0:01:39]} 35. Ba3 {[%clk 0:30:13]} Kg6
{[%clk 0:01:16]} 36. Kg3 {[%clk 0:30:34]} Kf5 {[%clk 0:01:12]} 37. f3
{[%clk 0:25:36]} g5 {[%clk 0:00:42]} 38. Be7 {[%clk 0:25:26]} h4+
{[%clk 0:00:50]} 39. Kf2 {[%clk 0:25:40]} Kg6 {[%clk 0:01:12]} 40. Ke3
{[%clk 0:54:45]} Kf7 {[%clk 0:31:20]} 41. Ba3 {[%clk 0:54:54]} f5
{[%clk 0:25:54]} 42. Kd3 {[%clk 0:54:09]} Kf6 {[%clk 0:23:57]} 43. Kc4
{[%clk 0:53:45]} Kf7 {[%clk 0:23:44]} 44. Bb2 {[%clk 0:53:13]} Kf6
{[%clk 0:23:19]} 45. Bc3 {[%clk 0:53:23]} f4 {[%clk 0:22:37]} 46. Bb4
{[%clk 0:51:41]} Kf7 {[%clk 0:15:34]} 47. Kd3 {[%clk 0:51:06]} Kg6
{[%clk 0:14:26]} 48. Ke4 {[%clk 0:49:09]} Kf6 {[%clk 0:14:25]} 49. Ba3
{[%clk 0:49:25]} a5 {[%clk 0:13:25]} 50. Kd3 {[%clk 0:49:16]} Kf5
{[%clk 0:13:16]} 51. Be7 {[%clk 0:49:07]} a4 {[%clk 0:13:05]} 52. Ba3
{[%clk 0:48:52]} Na5 {[%clk 0:11:48]} 53. Be7 {[%clk 0:47:56]} Nb7
{[%clk 0:11:53]} 54. Kc4 {[%clk 0:46:38]} 1-0

[Event "High League 2022 women"]
[Site "Obninsk"]
[Date "2022.06.30"]
[Round "5.21"]
[White "Dryaeva, Lana"]
[Black "Abakarova, Amina"]
[Result "1/2-1/2"]
[LiveChessVersion "1.4.7"]
[BlackElo "1825"]
[WhiteElo "1594"]

1. d4 {[%clk 1:30:57]} Nf6 {[%clk 1:30:54]} 2. c4 {[%clk 1:31:22]} g6
{[%clk 1:31:16]} 3. Nc3 {[%clk 1:31:47]} Bg7 {[%clk 1:31:41]} 4. e4
{[%clk 1:32:12]} d6 {[%clk 1:32:08]} 5. Nf3 {[%clk 1:32:38]} O-O {[%clk 1:32:31]}
6. Be2 {[%clk 1:33:00]} e5 {[%clk 1:32:53]} 7. O-O {[%clk 1:32:22]} Nc6
{[%clk 1:33:05]} 8. d5 {[%clk 1:32:46]} Ne7 {[%clk 1:33:30]} 9. Ne1
{[%clk 1:33:01]} a5 {[%clk 1:33:14]} 10. Be3 {[%clk 1:32:03]} Nd7
{[%clk 1:32:44]} 11. Nd3 {[%clk 1:31:07]} f5 {[%clk 1:31:26]} 12. f3
{[%clk 1:31:17]} b6 {[%clk 1:29:51]} 13. a3 {[%clk 1:29:07]} Ba6 {[%clk 1:25:25]}
14. Ne1 {[%clk 1:21:28]} f4 {[%clk 1:21:26]} 15. Bf2 {[%clk 1:21:55]} Nf6
{[%clk 1:19:56]} 16. b4 {[%clk 1:20:09]} axb4 {[%clk 1:20:06]} 17. axb4
{[%clk 1:20:20]} g5 {[%clk 1:16:31]} 18. Bd3 {[%clk 0:55:15]} Qd7
{[%clk 1:12:18]} 19. Qe2 {[%clk 0:42:02]} g4 {[%clk 1:09:06]} 20. c5
{[%clk 0:41:35]} Bxd3 {[%clk 1:09:28]} 21. Nxd3 {[%clk 0:42:00]} bxc5
{[%clk 1:09:22]} 22. bxc5 {[%clk 0:42:14]} gxf3 {[%clk 1:09:04]} 23. Qxf3
{[%clk 0:27:56]} Rfb8 {[%clk 0:52:51]} 24. Rxa8 {[%clk 0:24:44]} Rxa8 25. Qe2
{[%clk 0:24:02]} Qc8 {[%clk 0:47:44]} 26. Rb1 {[%clk 0:16:04]} Qa6
{[%clk 0:44:38]} 27. Kf1 {[%clk 0:15:56]} Qc4 {[%clk 0:42:54]} 28. Rc1
{[%clk 0:10:55]} Bh6 {[%clk 0:31:15]} 29. Rc2 {[%clk 0:06:26]} Ng6
{[%clk 0:26:48]} 30. Nc1 {[%clk 0:00:44]} Qb4 {[%clk 0:21:43]} 31. N1a2
{[%clk 0:00:57]} Qa5 {[%clk 0:20:22]} 32. cxd6 {[%clk 0:01:21]} cxd6
{[%clk 0:20:39]} 33. h3 {[%clk 0:00:43]} Bf8 {[%clk 0:16:33]} 34. Qc4
{[%clk 0:00:57]} Qa6 {[%clk 0:15:12]} 35. Qxa6 {[%clk 0:01:20]} Rxa6
{[%clk 0:15:41]} 36. Ke2 {[%clk 0:00:55]} Nh8 {[%clk 0:15:04]} 37. Kd3
{[%clk 0:00:35]} Nf7 {[%clk 0:14:49]} 38. Rb2 {[%clk 0:00:37]} Ra3
{[%clk 0:13:24]} 39. Bh4 {[%clk 0:00:54]} Nd7 {[%clk 0:13:32]} 40. Nb4
{[%clk 0:30:33]} Nc5+ {[%clk 0:42:40]} 41. Kc4 {[%clk 0:26:36]} Rxc3+
{[%clk 0:40:28]} 42. Kxc3 {[%clk 0:27:04]} Na4+ {[%clk 0:40:56]} 43. Kb3
{[%clk 0:27:23]} Nxb2 {[%clk 0:41:18]} 44. Kxb2 {[%clk 0:27:50]} Bh6
{[%clk 0:39:54]} 45. Kc3 {[%clk 0:19:58]} Bg5 {[%clk 0:40:06]} 46. Bxg5
{[%clk 0:04:02]} Nxg5 {[%clk 0:40:34]} 47. Kd3 {[%clk 0:04:30]} f3
{[%clk 0:30:08]} 48. gxf3 {[%clk 0:04:59]} Nxh3 {[%clk 0:30:14]} 49. Ke3
{[%clk 0:04:46]} Nf4 {[%clk 0:30:07]} 50. Kf2 {[%clk 0:03:19]} Kf7
{[%clk 0:29:43]} 51. Kg3 {[%clk 0:03:07]} Kf6 {[%clk 0:29:23]} 52. Nc6
{[%clk 0:00:55]} Ne2+ {[%clk 0:27:52]} 53. Kg4 {[%clk 0:00:55]} Nf4
{[%clk 0:20:33]} 54. Na7 {[%clk 0:00:38]} Ke7 {[%clk 0:19:41]} 55. Nb5
{[%clk 0:00:59]} Kd7 {[%clk 0:19:00]} 56. Kg5 {[%clk 0:00:44]} Ne2
{[%clk 0:18:56]} 57. Kh6 {[%clk 0:00:34]} Nd4 {[%clk 0:18:32]} 58. Nc3
{[%clk 0:00:56]} Nxf3 {[%clk 0:18:36]} 59. Kxh7 {[%clk 0:01:15]} Nd2
{[%clk 0:18:14]} 60. Kg6 {[%clk 0:01:23]} Nc4 {[%clk 0:16:21]} 61. Nb5
{[%clk 0:01:05]} Nd2 {[%clk 0:15:24]} 62. Kf5 {[%clk 0:00:39]} Nb3
{[%clk 0:14:11]} 63. Kf6 {[%clk 0:00:37]} Nd4 {[%clk 0:12:40]} 64. Nc3
{[%clk 0:00:43]} Nb3 {[%clk 0:12:07]} 65. Nb5 {[%clk 0:00:41]} Nc5
{[%clk 0:12:22]} 66. Kf5 {[%clk 0:00:58]} Ke7 {[%clk 0:11:58]} 67. Na7
{[%clk 0:00:46]} Na4 {[%clk 0:11:18]} 68. Nc6+ {[%clk 0:01:05]} Kd7
{[%clk 0:11:40]} 69. Nxe5+ {[%clk 0:01:29]} dxe5 {[%clk 0:11:57]} 70. Kxe5
1/2-1/2

[Event "High League 2022 women"]
[Site "Obninsk"]
[Date "2022.06.30"]
[Round "5.22"]
[White "Malysheva, Viktoriya"]
[Black "Pak, Polina"]
[Result "1-0"]
[LiveChessVersion "1.4.7"]
[BlackElo "1677"]
[WhiteElo "1563"]

1. e4 {[%clk 1:27:00]} c5 {[%clk 1:30:17]} 2. Nc3 {[%clk 1:26:48]} Nc6
{[%clk 1:30:41]} 3. g3 {[%clk 1:27:11]} g6 {[%clk 1:30:59]} 4. Bg2
{[%clk 1:27:19]} Bg7 {[%clk 1:31:18]} 5. d3 {[%clk 1:27:27]} d6 {[%clk 1:31:41]}
6. Be3 {[%clk 1:27:12]} e6 {[%clk 1:31:55]} 7. Qd2 {[%clk 1:27:34]} b6
{[%clk 1:24:46]} 8. Nge2 {[%clk 1:24:08]} Bb7 {[%clk 1:18:20]} 9. Nd1
{[%clk 1:22:22]} Qd7 {[%clk 0:58:38]} 10. c3 {[%clk 1:21:17]} Ba6
{[%clk 0:57:49]} 11. f4 {[%clk 1:11:56]} Nge7 {[%clk 0:57:08]} 12. O-O
{[%clk 1:10:21]} O-O {[%clk 0:57:07]} 13. Bh3 {[%clk 1:00:38]} f5
{[%clk 0:48:07]} 14. Rb1 {[%clk 0:46:46]} d5 {[%clk 0:14:48]} 15. e5
{[%clk 0:42:58]} d4 {[%clk 0:15:03]} 16. cxd4 {[%clk 0:41:29]} cxd4
{[%clk 0:15:07]} 17. Bf2 {[%clk 0:41:39]} Qd5 {[%clk 0:14:44]} 18. b4
{[%clk 0:33:48]} Qb5 {[%clk 0:14:54]} 19. Rb3 {[%clk 0:33:20]} Nd5
{[%clk 0:03:52]} 20. Bg2 {[%clk 0:28:06]} Rad8 {[%clk 0:02:05]} 21. Nb2
{[%clk 0:27:38]} Nc3 {[%clk 0:00:46]} 22. Nxc3 {[%clk 0:27:30]} dxc3
{[%clk 0:00:59]} 23. Qxc3 {[%clk 0:27:46]} Ne7 {[%clk 0:00:51]} 24. a4
{[%clk 0:26:50]} Qd7 {[%clk 0:01:13]} 25. b5 {[%clk 0:23:47]} Bb7
{[%clk 0:01:36]} 26. Nc4 {[%clk 0:22:25]} Bxg2 {[%clk 0:01:25]} 27. Kxg2
{[%clk 0:22:44]} Qb7+ {[%clk 0:01:15]} 28. Kg1 {[%clk 0:22:58]} Nd5
{[%clk 0:01:18]} 29. Qd2 {[%clk 0:20:40]} Rd7 {[%clk 0:01:22]} 30. a5
{[%clk 0:19:36]} Rfd8 {[%clk 0:01:22]} 31. axb6 {[%clk 0:19:22]} axb6
{[%clk 0:01:41]} 32. Ne3 {[%clk 0:18:16]} Bf8 {[%clk 0:01:40]} 33. Nxd5
{[%clk 0:10:42]} Qxd5 {[%clk 0:01:22]} 34. Qc2 {[%clk 0:10:09]} Rb7
{[%clk 0:00:50]} 35. Rfb1 {[%clk 0:07:57]} Rdd7 {[%clk 0:00:40]} 36. Rc3
{[%clk 0:06:17]} Qf3 {[%clk 0:00:37]} 37. Qb3 {[%clk 0:04:52]} Rd5
{[%clk 0:00:40]} 38. d4 {[%clk 0:03:31]} Qh5 {[%clk 0:00:51]} 39. Rc6
{[%clk 0:03:31]} Kf7 {[%clk 0:00:54]} 40. Qc4 {[%clk 0:33:36]} Be7
{[%clk 0:30:52]} 41. Rxe6 {[%clk 0:33:19]} Qf3 {[%clk 0:08:21]} 42. Rc6
{[%clk 0:29:59]} Kg7 {[%clk 0:02:37]} 43. Rc7 {[%clk 0:29:14]} Rd7
{[%clk 0:02:09]} 44. Rxb7 {[%clk 0:28:57]} Rxb7 {[%clk 0:02:30]} 45. Qc6
{[%clk 0:29:09]} 1-0

[Event "High League 2022 women"]
[Site "Obninsk"]
[Date "2022.07.02"]
[Round "6.1"]
[White "Goltseva, Ekaterina"]
[Black "Bodnaruk, Anastasia"]
[Result "1-0"]
[LiveChessVersion "1.4.7"]
[BlackElo "2390"]
[WhiteElo "2284"]

1. d4 {[%clk 1:30:56]} Nf6 {[%clk 1:30:55]} 2. c4 {[%clk 1:31:21]} g6
{[%clk 1:31:21]} 3. Nc3 {[%clk 1:31:48]} Bg7 {[%clk 1:31:47]} 4. e4
{[%clk 1:32:14]} d6 {[%clk 1:32:14]} 5. Nf3 {[%clk 1:32:40]} O-O {[%clk 1:32:38]}
6. Be2 {[%clk 1:33:02]} e5 {[%clk 1:32:33]} 7. O-O {[%clk 1:33:28]} Nc6
{[%clk 1:31:37]} 8. d5 {[%clk 1:33:49]} Ne7 {[%clk 1:32:04]} 9. Ne1
{[%clk 1:34:04]} Ne8 {[%clk 1:25:53]} 10. Nd3 {[%clk 1:33:51]} f5
{[%clk 1:26:09]} 11. f3 {[%clk 1:34:02]} Nf6 {[%clk 1:23:17]} 12. b4 f4 13. c5
{[%clk 1:29:16]} h5 {[%clk 1:06:40]} 14. a4 {[%clk 1:28:04]} g5 {[%clk 1:04:12]}
15. Nf2 a5 {[%clk 0:41:29]} 16. cxd6 {[%clk 1:19:38]} cxd6 {[%clk 0:41:19]} 17.
bxa5 {[%clk 1:19:34]} Rf7 18. Kh1 {[%clk 1:13:26]} Bf8 {[%clk 0:28:14]} 19. Rg1
{[%clk 1:10:03]} Rg7 {[%clk 0:26:42]} 20. g3 {[%clk 1:09:00]} Ng6
{[%clk 0:15:45]} 21. Rg2 {[%clk 0:57:49]} Be7 22. Qg1 Qxa5 23. Nb5
{[%clk 0:21:41]} g4 {[%clk 0:09:39]} 24. Qd1 {[%clk 0:19:02]} fxg3 25. Rxg3
{[%clk 0:11:44]} Nf4 {[%clk 0:01:44]} 26. Bxf4 exf4 {[%clk 0:02:13]} 27. Rg1
{[%clk 0:11:54]} Qb6 {[%clk 0:01:28]} 28. Qd4 {[%clk 0:05:22]} Qxd4
{[%clk 0:01:20]} 29. Nxd4 {[%clk 0:05:48]} Bd7 {[%clk 0:00:37]} 30. Ne6
{[%clk 0:03:57]} Bxe6 {[%clk 0:00:43]} 31. dxe6 {[%clk 0:04:24]} Ra5
{[%clk 0:00:34]} 32. Nd3 {[%clk 0:02:25]} gxf3 {[%clk 0:00:49]} 33. Bxf3
{[%clk 0:02:36]} Rxg1+ {[%clk 0:00:35]} 34. Rxg1+ {[%clk 0:02:24]} Kf8
{[%clk 0:00:36]} 35. Nxf4 {[%clk 0:02:08]} Rxa4 {[%clk 0:00:47]} 36. Ng6+
{[%clk 0:01:51]} Ke8 {[%clk 0:01:16]} 37. e5 Ne4 {[%clk 0:00:36]} 38. Bxe4
{[%clk 0:00:53]} Rxe4 {[%clk 0:01:05]} 39. Ra1 {[%clk 0:01:14]} Bd8
{[%clk 0:00:36]} 40. Rf1 {[%clk 0:31:01]} Be7 {[%clk 0:30:41]} 41. Rf7
{[%clk 0:29:17]} Rxe5 {[%clk 0:25:05]} 42. Rxe7+ {[%clk 0:29:38]} Kd8
{[%clk 0:25:35]} 43. Rd7+ {[%clk 0:30:00]} 1-0

[Event "High League 2022 women"]
[Site "Obninsk"]
[Date "2022.07.02"]
[Round "6.2"]
[White "Voit, Daria"]
[Black "Bivol, Alina"]
[Result "1/2-1/2"]
[LiveChessVersion "1.4.7"]
[BlackElo "2364"]
[WhiteElo "2317"]

1. d4 Nf6 {[%clk 1:30:12]} 2. c4 {[%clk 1:23:28]} e6 {[%clk 1:30:34]} 3. Nf3
{[%clk 1:23:43]} Bb4+ {[%clk 1:30:38]} 4. Nbd2 {[%clk 1:18:13]} b6
{[%clk 1:31:00]} 5. a3 {[%clk 1:18:21]} Bxd2+ {[%clk 1:30:34]} 6. Qxd2
{[%clk 1:18:13]} Bb7 {[%clk 1:26:21]} 7. e3 {[%clk 1:15:33]} d6 {[%clk 1:25:58]}
8. Bd3 {[%clk 1:06:53]} Nbd7 {[%clk 1:21:23]} 9. b4 {[%clk 1:04:06]} Qe7 10. Bb2
{[%clk 0:56:43]} e5 {[%clk 1:19:11]} 11. Bc2 Qe6 {[%clk 0:53:08]} 12. Qe2
{[%clk 0:49:09]} Qg4 {[%clk 0:49:29]} 13. d5 {[%clk 0:36:04]} Qxg2
{[%clk 0:49:48]} 14. Rg1 {[%clk 0:27:30]} Qh3 15. Rxg7 {[%clk 0:27:21]} Qh6
{[%clk 0:48:08]} 16. Rg3 a5 {[%clk 0:41:31]} 17. Qf1 {[%clk 0:21:24]} axb4
{[%clk 0:38:01]} 18. axb4 {[%clk 0:19:09]} Rxa1+ {[%clk 0:38:01]} 19. Bxa1 Ke7
20. Rh3 {[%clk 0:17:20]} Qf8 {[%clk 0:37:05]} 21. Nh4 {[%clk 0:15:08]} Qa8
{[%clk 0:37:11]} 22. Nf5+ {[%clk 0:15:27]} Kd8 {[%clk 0:37:15]} 23. Kd2
{[%clk 0:15:13]} Qa2 {[%clk 0:36:10]} 24. Rh4 {[%clk 0:13:43]} b5
{[%clk 0:34:58]} 25. e4 {[%clk 0:09:12]} bxc4 {[%clk 0:30:43]} 26. Bc3 Ba6 27.
Ne3 {[%clk 0:04:28]} Rg8 {[%clk 0:23:24]} 28. Qb1 {[%clk 0:01:49]} Qxb1
{[%clk 0:23:46]} 29. Bxb1 {[%clk 0:02:17]} Rg1 {[%clk 0:22:16]} 30. Bc2
{[%clk 0:02:42]} Nf8 {[%clk 0:19:43]} 31. Rh6 {[%clk 0:01:54]} Ng4
{[%clk 0:19:43]} 32. Nxg4 {[%clk 0:01:54]} Rxg4 {[%clk 0:18:55]} 33. Ke3
{[%clk 0:02:15]} Bb5 {[%clk 0:19:04]} 34. Bd1 {[%clk 0:02:21]} Rg1
{[%clk 0:18:40]} 35. Be2 Ke7 36. f4 {[%clk 0:02:08]} f6 {[%clk 0:18:47]} 37. f5
{[%clk 0:01:39]} Rc1 {[%clk 0:15:30]} 38. Kd2 {[%clk 0:01:35]} Rg1
{[%clk 0:15:52]} 39. Ke3 {[%clk 0:01:51]} Rc1 {[%clk 0:09:37]} 40. Kd2
{[%clk 0:32:17]} Rg1 41. Ke3 1/2-1/2

[Event "High League 2022 women"]
[Site "Obninsk"]
[Date "2022.07.02"]
[Round "6.3"]
[White "Guseva, Marina"]
[Black "Zhapova, Yana"]
[Result "1/2-1/2"]
[LiveChessVersion "1.4.7"]
[BlackElo "2204"]
[WhiteElo "2377"]

1. d4 {[%clk 1:31:23]} d5 {[%clk 1:30:50]} 2. Nf3 {[%clk 1:31:23]} Nf6
{[%clk 1:30:50]} 3. Bf4 {[%clk 1:31:23]} c5 {[%clk 1:30:50]} 4. e3
{[%clk 1:31:23]} Nc6 {[%clk 1:30:50]} 5. Nbd2 {[%clk 1:31:23]} Bg4
{[%clk 1:30:50]} 6. c3 {[%clk 1:31:23]} e6 {[%clk 1:30:50]} 7. Qb3
{[%clk 1:31:23]} Qc8 {[%clk 1:30:50]} 8. h3 {[%clk 1:31:23]} Bh5 {[%clk 1:30:50]}
9. Be2 {[%clk 1:31:23]} Be7 {[%clk 1:26:32]} 10. O-O {[%clk 1:33:47]} O-O
{[%clk 1:25:46]} 11. Qd1 {[%clk 1:34:13]} Qd8 {[%clk 1:22:11]} 12. Ne5
{[%clk 1:34:21]} Bxe2 {[%clk 1:20:15]} 13. Qxe2 Nd7 14. Nef3 {[%clk 1:30:56]} Nf6
{[%clk 1:07:53]} 15. Rfd1 {[%clk 1:21:10]} h6 16. Bg3 {[%clk 1:21:10]} Qb6
{[%clk 1:00:44]} 17. Rab1 {[%clk 1:21:31]} Rad8 {[%clk 0:56:37]} 18. dxc5
{[%clk 1:13:39]} Qxc5 {[%clk 0:56:37]} 19. b4 Qb6 {[%clk 0:53:23]} 20. a4
{[%clk 1:12:15]} a6 {[%clk 0:45:07]} 21. Rdc1 {[%clk 0:46:52]} Rc8 22. e4 dxe4
{[%clk 0:39:13]} 23. Nxe4 {[%clk 0:38:07]} Nxe4 {[%clk 0:38:15]} 24. Qxe4
{[%clk 0:38:32]} Rfd8 {[%clk 0:36:25]} 25. Bf4 Bd6 26. Bxd6 {[%clk 0:27:58]} Rxd6
{[%clk 0:28:06]} 27. c4 {[%clk 0:27:52]} Qd8 {[%clk 0:27:26]} 28. b5 Na5
{[%clk 0:26:03]} 29. c5 {[%clk 0:25:09]} Rd5 {[%clk 0:25:38]} 30. Qb4
{[%clk 0:24:19]} e5 {[%clk 0:21:22]} 31. c6 {[%clk 0:14:33]} axb5 32. cxb7
{[%clk 0:14:26]} Rxc1+ {[%clk 0:21:14]} 33. Rxc1 {[%clk 0:15:06]} Nxb7
{[%clk 0:21:19]} 34. axb5 {[%clk 0:07:13]} e4 {[%clk 0:16:19]} 35. Qxe4
{[%clk 0:07:13]} Rxb5 {[%clk 0:16:19]} 1/2-1/2

[Event "High League 2022 women"]
[Site "Obninsk"]
[Date "2022.07.02"]
[Round "6.4"]
[White "Kovanova, Baira"]
[Black "Charochkina, Daria"]
[Result "0-1"]
[LiveChessVersion "1.4.7"]
[BlackElo "2335"]
[WhiteElo "2317"]

1. e4 {[%clk 1:30:58]} e5 {[%clk 1:30:55]} 2. Nf3 {[%clk 1:31:23]} d6
{[%clk 1:31:20]} 3. d4 {[%clk 1:30:39]} exd4 {[%clk 1:31:43]} 4. Nxd4
{[%clk 1:26:10]} Nf6 {[%clk 1:31:02]} 5. Nc3 {[%clk 1:26:36]} Be7
{[%clk 1:31:24]} 6. g3 {[%clk 1:26:38]} O-O {[%clk 1:31:45]} 7. Bg2
{[%clk 1:27:05]} Re8 {[%clk 1:32:03]} 8. O-O {[%clk 1:24:57]} Bf8
{[%clk 1:32:21]} 9. h3 {[%clk 1:24:21]} Nbd7 {[%clk 1:31:58]} 10. Re1
{[%clk 1:23:31]} c6 {[%clk 1:28:42]} 11. a4 {[%clk 1:19:36]} a5 {[%clk 1:28:41]}
12. b3 {[%clk 1:18:35]} Nc5 {[%clk 1:27:32]} 13. Bf4 {[%clk 1:09:03]} h6
{[%clk 1:22:39]} 14. g4 {[%clk 1:04:38]} Qb6 {[%clk 1:18:06]} 15. Qf3
{[%clk 0:57:54]} Bd7 16. Rad1 Qb4 {[%clk 0:46:43]} 17. Re3 {[%clk 0:53:10]} Rad8
18. Nde2 {[%clk 0:40:03]} Ne6 {[%clk 0:33:26]} 19. Bxh6 {[%clk 0:28:10]} d5
{[%clk 0:33:00]} 20. exd5 {[%clk 0:19:43]} cxd5 21. Red3 Bc6 {[%clk 0:17:45]} 22.
Nd4 {[%clk 0:17:52]} Ne4 {[%clk 0:12:40]} 23. Nf5 {[%clk 0:06:27]} Nxc3
{[%clk 0:11:30]} 24. Rxc3 {[%clk 0:06:55]} gxh6 {[%clk 0:11:33]} 25. Rcd3
{[%clk 0:05:43]} Qf4 {[%clk 0:08:19]} 26. Qe2 Ng7 {[%clk 0:05:30]} 27. Ne3
{[%clk 0:05:28]} d4 {[%clk 0:05:06]} 28. Bxc6 {[%clk 0:04:15]} bxc6
{[%clk 0:05:34]} 29. c3 {[%clk 0:03:53]} Bd6 {[%clk 0:04:53]} 0-1